000 00293nam a2200121Ia 4500
008 190216s9999||||xx |||||||||||||| ||und||
100 _aVailoppilli Sreedhara Menon
245 0 _aOnappattukar
260 _bPublished By The Author
_c1975
300 _a122p
650 _aKavithkal
942 _cBK
999 _c25341
_d25341